Očakávania Britov sú veľké

Anglické potravinárske firmy prejavili počas prezentačnej výstavy vo Viedni záujem dovážať svoje výrobky aj na Slovensko. O čo konkrétne ide.

Enregistré dans:
Détails bibliographiques
Auteur principal: Kontúr, Martin
Format: Chapitre de livre
Langue:slovaque
Sujets:
Tags: Ajouter un tag
Pas de tags, Soyez le premier à ajouter un tag!

MARC

LEADER 00000naa$a2200000$$$4500
001 0016326
005 20231107125345.8
041 0 |a slo 
044 |a SK 
245 1 0 |a Očakávania Britov sú veľké  |c aut. Martin Kontúr 
520 |a Anglické potravinárske firmy prejavili počas prezentačnej výstavy vo Viedni záujem dovážať svoje výrobky aj na Slovensko. O čo konkrétne ide. 
610 2 0 |a Veľká Británia 
610 2 0 |a potraviny 
610 2 0 |a dovoz 
610 2 0 |a Slovensko 
100 1 |a Kontúr, Martin